000
00314nam a2200133Ia 4500
005
20251222141800.0
008
251222s9999||||xx |||||||||||||| ||spa||
082
_a
779/I39
100
_a
Ikeda, Daisaku
245
2
_a
A Collection of Photográphs
250
_a
1ra.ed.
264
_b
Maki Book Binding
942
_c
LIB
999
_c
6124
_d
6124